000 00711nam a2200277 a 4500
003 AR-BaBNM
005 20251128202949.0
008 082120s2002 ||||||||||||||000 | spa||
040 _cAR-BaBNM
100 1 _aGianello, Leoncio
245 0 0 _aEstampas rivadavianas
250 _a2ª ed. aum. y corr.
260 _aSanta Fe
_bCastellví
_c1948
300 _a142 p.
500 _aContiene notas y fuentes en p. 133-142
600 1 4 _aRivadavia, Bernardino
_d1826-1827
650 4 _aBIOGRAFIAS
650 4 _aHISTORIA
650 4 _aPOLITICA
650 4 _aTRIUNVIRATOS
651 4 _aArgentina
655 _aBIOGRAFIAS
700 1 _aPiccirilli, Ricardo
_eprologuista
942 _cBK
998 _cEnrique
999 _c1299
_d1299